00331nas a22001217a 4500008004100000022001400041245001500055260008100070300000900151310001400160546001400174650002100188130301t20119999ag ||||| |||| 00| 0 spa d a2250-5423 aInmanencia aBuenos Aires:bHospital Interzonal General de Agudos (HIGA) Eva Peron,c2011 av. : asemestral aespañol aMEDICINA INTERNA